000 00599nam a22002057a 4500
003 OSt
005 20170123143125.0
008 170123b xxu||||| |||| 00| 0 eng d
020 _a9780443068188
040 _cDMLN
082 _aWU290 S83o 2008
100 _aScully, Crispian
_911432
245 _aOral and Maxillofacial Medicine: the basis of diagnisis and treatment
_c2nd ed.
260 _aEdinburgh; Churchill, 2008
300 _axi,393p; col.ill: 27cm
504 _aReferences, & Index included
650 _aOral medicine
_92427
650 _aDental diagnosis
_911433
942 _2z
_cO_SHELF
999 _c5475
_d5475